Notas para el estudio económico de América Latina, 1982, Guatemala

Furkejuvvon:
Bibliográfalaš dieđut
Searvvušdahkki: Naciones Unidas
Materiálatiipa: Texto
Almmustuhtton: México D.F.: CEPAL
Fáddágilkorat: Lasit fáddágilkoriid
Eai fáddágilkorat, Lasit vuosttaš fáddágilkora!

MARC

LEADER 00000 a a2200000 04500
001 24641
003
040
090 |a 177200  
110 |a Naciones Unidas  
245 |a Notas para el estudio económico de América Latina, 1982, Guatemala  
260 |a México D.F.:   |b CEPAL  
300 |a 44 p.  
999 |c 10562  |d 10562